Statistics for Eurovision top 6 (2009-2018)

Click here to take the quiz!

General Stats

  • This quiz has been taken 66 times
  • The average score is 37 of 60

Answer Stats

HintSong Artist/group% Correct
2015 -1stHeroesMans Zelmerlow
93%
2012 - 1stEuphoriaLoreen
89%
2009 - 1stFairytaleAlexander Rybak
89%
2018 - 1stToyNetta
89%
2010 - 1stSatelliteLena
88%
2016 - 1st1944Jamala
86%
2018 - 2ndFuegoEleni Foureira
86%
2013 - 1stOnly teardropsEmmelie de Forest
86%
2014 - 1stRise like a phoenixConchita Wurst
84%
2014 - 5thRunningAndras Kallay-Saunders
80%
2011 - 1stRunning scaredEll and Nikki
80%
2015 - 2ndA million voicesPolina Gagarina
79%
2016 - 2ndSound of silenceDami Im
77%
2009 - 3rdAlwaysAySel and Arash
73%
2017 - 2ndBeautiful messKristian Kostov
73%
2014 - 2ndCalm after the stormThe Common Linnets
73%
2015 - 3rdGrande amoreIl volo
73%
2009 - 2nd Is it true?Yohanna
73%
2018 - 3rdNobody but youCesar Sampson
73%
2014 - 3rdUndoSanna Nielsen
73%
2017 - 1stAmar pelos doisSalvador Sobral
71%
2016 - 3rdYou are the only oneSergei Lazarev
71%
2011 - 3rdPopularEric Saade
70%
2012 - 2ndParty for everybodyBuranovskie Babuški
68%
2017 - 3rdHey mamma!Sunstroke Project
66%
2010 - 2ndWe could be the samemaNga
66%
2013 - 2ndHold meFarid Mammadov
64%
2009 - 4thDum Tek TekHadise
63%
2010 - 3rdPlaying with firePaula Seling and Ovi
63%
2017 - 4thCity lightsBlanche
59%
2014 - 4thNot aloneAram MP3
59%
2013 - 3rdGravityZlata Ognevitch
57%
2016 - 5thIf I were sorryFrans
57%
2016 - 4thIf love was a crimePoli Genova
57%
2018 - 6thLie to meMikolas Josef
57%
2017 - 5thI can't go onRobin Bengtsson
55%
2015 - 4thRhythm insideLoic Nottet
55%
2015 - 5thTonight againGuy Sebastian
55%
2009 - 5th It's my timeJade Ewen
54%
2017 - 6thOccidentali's karmaFrancesco Gabbani
54%
2018 - 4thYou let me walk aloneMichael Schulte
54%
2015 - 6thLove injectedAminata
52%
2011 - 2ndMadness of loveRapahel Gualazzi
52%
2014 - 6thTick TockMariya Yaremtchouk
52%
2013 - 6thAlcohol is freeKóza Móstra and Agáthonas Iakovídis
50%
2010 - 5thDrip Drop Safura
50%
2010 - 4thIn a moment like thisChanée and N'evegreen
50%
2012 - 5thSuusRona Nishiliu
50%
2012 - 4thWhen the music diesSabina Babayeva
50%
2013 - 4thI feed you my loveMargaret Berger
46%
2018 - 5thNon mi avete fatto nienteErmal Meta and Fabrizio Moro
45%
2013 -5thWhat ifDina Garipova
45%
2010 - 6th Me and my guitarTom Dice
41%
2011 - 4thAngelMika Newton
39%
2016 - 6thJ'ai cherchéAmir
39%
2012 - 3rdNije ljubav stvarZeljko Joksimovic
39%
2012 - 6thKuulaOtt Lepland
34%
2011 - 6thLove in rewindDino Merlin
34%
2011 - 5thNew tomorrowA friend in London
34%
2009 - 6thRandajadUrban Symphony
34%

Score Distribution

Percentile by Number Answered

Percent of People with Each Score

Your Score History

You have not taken this quiz